书目信息 |
| 题名: |
华北敌后—晋察冀
|
|
| 作者: | 李公朴 著 | |
| 分册: | ||
| 出版信息: | 北京 三联书店 1979 |
|
| 页数: | 177页 | |
| 开本: | 19cm | |
| 丛书名: | ||
| 单 册: | ||
| 中图分类: | K269.506 | |
| 科图分类: | ||
| 主题词: | ||
| 电子资源: | ||
| ISBN: | ||
| 000 | 00650nam0 2200229 45 | |
| 001 | 0179007410 | |
| 005 | 20060725145701.15 | |
| 010 | @dCNY0.48 | |
| 091 | @aCN@b3002.203 | |
| 100 | @a19950725d1979 em y0chiy0121 ea | |
| 101 | 0 | @achi |
| 102 | @aCN@b110000 | |
| 105 | @af z 000yy | |
| 200 | 10 | @a华北敌后—晋察冀@Ahua bei di hou jin cha ji@f李公朴著 |
| 210 | @a北京@c三联书店@d1979 | |
| 215 | @a177页@c照片@d19cm | |
| 517 | 1 | @a华北敌后晋察冀@Ahua bei di hou jin cha ji |
| 607 | @a晋察冀抗日根据地@z1940~1941@x史料 | |
| 690 | @aK269.506@v3 | |
| 701 | 0 | @a李公朴@Ali gong pu@4著 |
| 801 | 0 | @aCN@bTSSF@c20060725 |
| 905 | @a10447@dK269.506@e42 | |
| 华北敌后—晋察冀/李公朴著.-北京:三联书店,1979 |
| 177页:照片;19cm |
| ISBN :CNY0.48 |
| ● |
| 相关链接 |
|
|
|
|
正题名:华北敌后—晋察冀
索取号:K269.506/42
 
预约/预借
| 序号 | 登录号 | 条形码 | 馆藏地/架位号 | 状态 | 备注 |
| 1 | 0436167 | 204361671 | 第二样本阅览室/ [索取号:K269.506/42] | 在馆 | |
| 2 | 0436168 | 204361680 | 密集书库/ [索取号:K269.506/42] | 在馆 |